01291nam a22002417a 45000010005000000030006000050050017000110080041000280200018000690400029000871000018001162450046001342500025001802600049002053000049002544900038003035050008003415200601003495210020009505210020009706000026009907000033010163047FISKH20260112135859.0240201b cb ||||| |||| 00| 0 eng d a9780194645591 aFISKHbengcFISKHdFISKH aHannam, Joyce aCaring for our planet /cby Hannam, Joyce aFirst published 2010 aNew York :bOxford University Press , c2010 a56 pages : bcolor illustrations ;c22 cm .  aOxford Read and DiscovervBook 6  aW  aThis exciting new series of non-fiction readers provides interesting and educational content, with activities and project work. The readers are graded at four levels, from 3 to 6, suitable for students from age 8 and older. They can support Content and Language Integrated Learning (CLIL), and cover a broad range of topics, within three curriculum areas: The World of Science and Technology The Natural World The World of Arts and Social Studies Also available for each reader: Activity Book Audio CD Pack (Reader and Audio CD)Teacher's Notes and CLIL guidance at www.oup.com/elt/readanddiscover8 a880 bLexile 8 aW bRaz-Plus  2planets vnon-fiction aKennedy, Kellyeillustrator